| 000 | 00390 a2200133 4500 | ||
|---|---|---|---|
| 005 | 20250415115138.0 | ||
| 020 | _a978-1 78415-689-3 | ||
| 082 | _a657.076 ACC | ||
| 111 | _aACCA | ||
| 245 | _aPaper 1 FIA Diploma in Accounting and Business: Accountant in Business ( AB/FAB) Exam Kit. | ||
| 260 |
_aBritain, _bKaplan Financial LTD, _c2016. |
||
| 300 |
_a224p.: ill.; _c29cm |
||
| 942 |
_2ddc _cBKS |
||
| 999 |
_c1455 _d1455 |
||